000 01474nam a2200241Ia 4500
003 Ost
005 20260507075042.0
008 260507s9999||||xx |||||||||||||| ||und||
020 _a9960245101
040 _cfsecg
041 _aara
082 _a330
100 _aماير، توماس
_eمؤلف
245 0 _aالنقود والبنوك والاقتصاد /
_c توماس ماير
260 _aالرياض:
_bدار المريخ,
_c2002
300 _a718 صفحة؛
_bإيضاحات ؛
_c27 سم
520 _aالنقود،الأسهم،السندات،المؤسسات المالية،المبادئ المالية،أسواق الأصول،أسعار الفائدة،صناعة مؤسسات الايداع،داخل مؤسسة الايداع،الأعمال المصرفية الدولية،فشل نظام تأمين الودائع،الإيداع المركزي،عرض النقود،الانفاقات الإجمالية:النموذج الكامل،التضخم والبطالة،النظرية الكمية،النقديون والنظرة الإئتمانية،رؤى أخرى:الكلاسيكية الجديدة،دورة الأعمال الحقيقية،الكينزية الجديدة واللاحقون على كينز،النظام النقدي الدولي
653 _aالاقتصاد
653 _aالبنوك
653 _aالنقود
700 _aس. دوسينبري، جيمس وآخرون
_eمؤلف ثانوي
942 _cكتاب
999 _c42530
_d42530